000 00502nam a2200205Ia 4500
008 170203s9999 xx 000 0 und d
020 _a0-786840560
050 _aFic
050 _bT756
245 _aDisney's Toy story /
245 _cadapted from the film by Cathy East Dubowski.
260 _aNew York :
260 _bDisney Press,
260 _c©1995.
300 _a104 pages :
300 _bcolor illustrations ;
300 _c22 cm.
650 _aToys --
650 _xFiction.
999 _c306368
_d306368